000 00564nam a2200217 i 4500
001 C2-0223920
003 PPAK
005 20180728152626.0
008 000311s my a|||| ||||| | eng d
040 _aPPAK
_beng
_cPPAK
_erda
082 0 4 _a306.8471
_223
090 0 0 _a306.8471
_bMOT
_dR
245 0 0 _aMotherhood
264 1 _aKuala Lumpur :
_cJuly - Dec 1997
300 _avarious pages :
_bcolour illustrations
336 _2rdacontent
_atext
337 _2rdamedia
_aunmediated
338 _2rdacarrier
_avolume
650 1 0 _aPeriodicals
942 _ddc
_cB
999 _c144954
_d144954